000
00281nam a2200109Ia 4500
008
201216s9999 xx 000 0 und d
100
_a
Clayton, B. R. and Bishop, R. E. D.
245
0
_a
Mechanics of Marine Vehicles
260
_a
London
_b
E & F. N. Spon
300
_a
597
942
_c
BK
999
_c
6086
_d
6086